Visualizzazione normale
Vista MARC
- AA.VV.
di Personal Name
Records bibliografici associati: 1
001 - CONTROL NUMBER
- control field: 53866
003 - CONTROL NUMBER IDENTIFIER
- control field: IT-RoPau
005 - DATE AND TIME OF LATEST TRANSACTION
- control field: 20151203152526.0
008 - FIXED-LENGTH DATA ELEMENTS
- fixed length control field: 151203|| aca||aabn | a|a d
040 ## - CATALOGING SOURCE
- Original cataloging agency: IT-RoPau
- Transcribing agency: IT-RoPau
100 ## - HEADING--PERSONAL NAME
- Personal name: AA.VV.
- Miscellaneous information: Codice regista SPICS: 12000
670 ## - SOURCE DATA FOUND
- Source citation: Work cat.: (IT-RoPau)107872: AA.VV. Codice regista SPICS: 12000, MILANO ITINERARI GUIDATI MILANO ITINERARI GUIDATI (Rif. Codice opera principale : B2736)